000 00515nam a2200205Ia 4500
003 OSt
005 20230511111248.0
008 210423s1992 xx 000 0 und d
040 _cAL
041 _aeng
082 _a305.4
_223
_bCHAW
100 _aCHATTERJI (Jyotsna),Ed
_9102620
245 _aWomen in praise and struggle
260 _aDelhi
_bISPCK
_c1992
365 _b5
_cINR
650 _aSociology
_9102621
650 _aWomen Studies
_9102622
906 _apraise ; struggle ; Women
942 _2ddc
_cBK
999 _c171921
_d171921